000 00488nam a2200181Ia 4500
001 4510
005 20260306145801.0
008 260306t2016||||xx |||||||||||||| ||spa||
041 _aESP
082 _a323.445
_bI25
100 _aIberico Núñez, Luis,
_eAUT
245 0 _aPalabra libre :
_bel derecho a la información, medios de comunicación y autorregulación
260 _c2016
300 _a329 páginas :
_c24 cm.
650 _aGEN
654 _aCHU
942 _cLIB
_dJUS
_fJUS
_2ddc
_n
999 _c4510
_d4510